Opera omnia litúrgica, seu commentaria in authentica sacrae ritum congregationis decreta ad romanum praesertim breviarium...

Detalles Bibliográficos
Autor principal: CAVALIER, Juan Miguel
Formato: Libro
Publicado: Venecia 1558
Materias:
Colección:Banco de datos
Acervo:Biblioteca del Convento de San Pablo. Yuririahupándaro. Guanajuato
Descripción Física:t. V
Tema general:Liturgia
Notas:Buena. Encuadernado con los t. III, IV. 2B, 6, 1 (445 1B6/A-18).
LEADER 00779nam a22002050004500
035 |a 34530 
036 |a 171 
100 1 |a CAVALIER, Juan Miguel 
245 1 0 |a Opera omnia litúrgica, seu commentaria in authentica sacrae ritum congregationis decreta ad romanum praesertim breviarium... 
260 |a Venecia  |b Remondiniana imp.  |c 1558 
300 |a t. V 
500 |a Buena. Encuadernado con los t. III, IV. 2B, 6, 1 (445 1B6/A-18). 
650 1 0 |a Liturgia 
949 |a CRG-CY 
959 |a Ex convento de San Pablo, Museo Regional de Yuririahpúndaro, Guanajuato  |b CCC9 
960 |a Convento San Pablo Yuririahpúndaro, Guanajuato  |b DD86 
961 |a Agustina  |b OA 
942 |c CRG-CY 
943 |g Biblioteca del Convento de San Pablo. Yuririahupándaro. Guanajuato 
999 |c 955196  |d 955196